000 00554nam a2200205Ia 4500
005 20260429112139.0
008 260429s9999||||xx |||||||||||||| ||und||
020 _a9780367624026
041 _aEnglish
082 _a612.76
_bNIC
100 _aNick, Draper
245 0 _aExercise physiology :
_bfor health and sports performance /
_cDraper Nick
250 _a2nd ed.
260 _aLondon :
_bRoutledge,
_c2024.
300 _axx, 602 p.; pbk
650 _aPhysiology
700 _a Marshall, Helen
700 _a Williams, craig A.
942 _cTB
999 _c52592
_d52592